|
|
|
|
| LEADER |
01184nam a2200241 i 4500 |
| 001 |
GR-MES353 |
| 003 |
GR-PaULI |
| 005 |
20240322140401.0 |
| 008 |
991111r19911989enka g 001 b eng d |
| 020 |
|
|
|a 0632022558
|
| 040 |
|
|
|a GrPaTEI
|b gre
|c GR-PaULI
|e AACR2
|
| 082 |
0 |
4 |
|2 23
|a 636.089 028
|
| 100 |
1 |
|
|9 202728
|a Kerr, Morag G.
|e συγγραφέας.
|
| 245 |
1 |
0 |
|a Veterinary laboratory medicine :
|b clinical biochemistry and haematology /
|c Morag G. Kerr.
|
| 260 |
|
|
|a London :
|b Blackwell,
|c 1991.
|
| 300 |
|
|
|a xviii, 270 σ. :
|b εικ. ;
|c 22 εκ.
|
| 504 |
|
|
|a Περιλαμβάνει βιβλιογραφία.
|
| 650 |
|
4 |
|a Κτηνιατρική
|9 202730
|x Εργαστηριακά εγχειρίδια.
|
| 942 |
|
|
|2 ddc
|c BK
|
| 952 |
|
|
|0 0
|1 0
|2 ddc
|4 0
|6 636_089000000000000_028_KER
|7 0
|9 263567
|a MSLG
|b MSLG
|c BSC
|d 2021-01-17
|e 24
|f 0
|g 0.00
|i 1010
|l 0
|o 636.089 028 KER
|p 2420000001010
|r 2021-01-17 00:00:00
|t 1
|w 2021-01-17
|y BK15
|x 19991111 0 1
|x GrPaTEI
|
| 952 |
|
|
|0 0
|1 0
|2 ddc
|4 0
|6 636_089000000000000_028_KER
|7 0
|9 378738
|a MSLG
|b MSLG
|c BSC
|d 2024-03-22
|i 1011
|l 0
|o 636.089 028 KER
|p 2420000001011
|r 2024-03-22 00:00:00
|t 2
|w 2024-03-22
|y BK15
|
| 998 |
|
|
|c ΒΑΣΙΛΕΙΟΥ
|d 2024-03
|
| 999 |
|
|
|c 151735
|d 151735
|